|
|
|
|
| LEADER |
00000cas a2200000 a 4500 |
| 001 |
025927 |
| 003 |
UAHC_CL |
| 005 |
20170803122609.0 |
| 008 |
051216b xx j 000 1 eng |
| 040 |
|
|
|a UAHC_CL
|c UAHC_CL
|d UAHC_CL
|
| 245 |
1 |
0 |
|a Berit :
|b revista internacional /
|c Universidad Santo Tomás, Instituto de la familia.
|
| 260 |
|
|
|b Universidad Santo Tomás
|c 2003
|a Santiago, Chile
|
| 300 |
|
|
|a v
|
| 505 |
0 |
|
|a Contiene: Hacia una perspectiva de la familia, Rodrigo Guerra López -- Juan Pablo II peregrino de lo absoluto, Aníbal Fosbery -- La maternidad y la paternidad aportan a los hijos, Aquilino Polaino -- Benedicto XVI -- El fundamento antropológico de la familia -- Matrimonio y familia -- Los hijos -- La familia y la iglesia -- La amenaza del relativismo -- Sacerdocio y una vida consagrada -- Hay que restituirle el alma a la política.
|
| 710 |
1 |
|
|a Universidad Santo Tomás
|
| 900 |
|
|
|a BERIT
|
| 942 |
|
|
|c REV
|
| 952 |
|
|
|0 0
|1 0
|4 0
|6 BERIT_04_05_000000000000000
|7 0
|8 General
|9 52649
|a BC
|b BC
|c General
|d 2017-08-03
|l 0
|o BERIT-04/05
|p 1351519
|r 2019-01-08 00:00:00
|t 1
|w 2017-08-03
|y REV
|
| 952 |
|
|
|0 0
|1 0
|4 0
|6 BERIT_05_05_000000000000000
|7 0
|8 General
|9 52650
|a BC
|b BC
|c General
|d 2017-08-03
|l 0
|o BERIT-05/05
|p 1354075
|r 2019-01-08 00:00:00
|t 1
|w 2017-08-03
|y REV
|
| 952 |
|
|
|0 0
|1 0
|4 0
|6 BERIT_06_06_000000000000000
|7 0
|8 General
|9 52651
|a BC
|b BC
|c General
|d 2017-08-03
|l 0
|o BERIT-06/06
|p 1357089
|r 2019-01-08 00:00:00
|t 1
|w 2017-08-03
|y REV
|
| 952 |
|
|
|0 0
|1 0
|4 0
|6 BERIT_08_07_000000000000000
|7 0
|8 General
|9 52652
|a BC
|b BC
|c General
|d 2017-08-03
|l 0
|o BERIT-08/07
|p 1364103
|r 2019-01-08 00:00:00
|t 1
|w 2017-08-03
|y REV
|
| 952 |
|
|
|0 0
|1 0
|4 0
|6 BERIT_09_08_000000000000000
|7 0
|8 General
|9 52653
|a BC
|b BC
|c General
|d 2017-08-03
|l 0
|o BERIT-09/08
|p 1372393
|r 2019-01-08 00:00:00
|t 1
|w 2017-08-03
|y REV
|
| 952 |
|
|
|0 0
|1 0
|4 0
|6 BERIT_11_100000000000000
|7 0
|8 Hemeroteca
|9 52654
|a BC
|b BC
|c Hemeroteca
|d 2017-08-03
|l 0
|o BERIT11/10
|p 1380789
|r 2019-01-08 00:00:00
|t 1
|w 2017-08-03
|y REV
|
| 952 |
|
|
|0 0
|1 0
|4 0
|6 BERIT_10_09_000000000000000
|7 0
|8 Hemeroteca
|9 52655
|a BC
|b BC
|c Hemeroteca
|d 2017-08-03
|l 0
|o BERIT-10/09
|p 1380790
|r 2019-01-08 00:00:00
|t 1
|w 2017-08-03
|y REV
|
| 999 |
|
|
|c 25927
|d 25927
|